Coastal evolution (Record no. 37631)

MARC details
000 -LEADER
fixed length control field 00655nam a2200181 a 4500
008 - FIXED-LENGTH DATA ELEMENTS--GENERAL INFORMATION
fixed length control field 120416s1994 ||||||||||||||||| || u
020 ## - INTERNATIONAL STANDARD BOOK NUMBER
International Standard Book Number 0521598907
050 ## - LIBRARY OF CONGRESS CALL NUMBER
Classification number QE 501.4.P3 Coa
100 ## - MAIN ENTRY--PERSONAL NAME
Personal name Carter, R. W. G
245 10 - TITLE STATEMENT
Title Coastal evolution
Statement of responsibility, etc. edited by R. W. G. Carter
246 ## - VARYING FORM OF TITLE
Title proper/short title late quaternary shoreline morphodynamics
260 ## - PUBLICATION, DISTRIBUTION, ETC.
Place of publication, distribution, etc. Cambridge
Name of publisher, distributor, etc. CUP
Date of publication, distribution, etc. 1994
300 ## - PHYSICAL DESCRIPTION
Extent xxi, 517p. : ill.
350 ## - PRICE (NR) (BK AM CF MU VM SE) [OBSOLETE]
Price 0.00
650 ## - SUBJECT ADDED ENTRY--TOPICAL TERM
Topical term or geographic name entry element COASTAL EVOLUTION
700 ## - ADDED ENTRY--PERSONAL NAME
Personal name Woodroffe, C. D
995 ## - RECOMMENDATION 995 [LOCAL, UNIMARC FRANCE]
-- 0.00
-- CBU-MAIN LIBRARY (Kitwe)
-- 1
-- 37.90
-- 1
-- AVAILABLE
-- Mar 15, 2007
-- Annex Low-Usage Collection
Holdings
Withdrawn status Lost status Source of classification or shelving scheme Damaged status Not for loan Home library Current library Shelving location Date acquired Total Checkouts Full call number Barcode Date last seen Price effective from Koha item type
          CBU-MAIN LIBRARY, KITWE. CBU-MAIN LIBRARY, KITWE.   11/30/2022   QE 501.4.P3 Coa 023798 11/30/2022 11/30/2022 MONOGRAPH